000 00521nam a2200181Ia 4500
003 OSt
005 20240709161826.0
008 210210b1960 xxu||||| |||| 00| 0 eng d
040 _aAL
_c
041 _aKannada
082 _a455/25
100 _aVRASHABENDRA SVAMI (E M)
_928546
_dವೃಶಭೇಂದ್ರಸ್ವಾಮಿ (ಎಸ್ ಎಂ)
245 _aBareyuva dari
_bಬರೆಯುವ ದಾರಿ
260 _aBallari
_b-
_c1960
690 _aKannada Grammar
_928549
906 _a006790
942 _2ddc
_cBK
999 _c140868
_d140868